000 00768nam a2200229Ii 4500
003 JO-AjNU
008 230605s9999||||xx |||||||||||||| ||und||
017 _a2009/13949
020 _a977-422-139-7
040 _aJO-AjNU
_bara
_erda
_cJO-AjNU
041 _aara
050 1 4 _aHG4515.A2238 2010
100 3 _aتأليف: عبد الحميد، عبد المطلب,
_eauthor
_932623
245 0 0 _aمبادىء وساسيات الاستثمار
250 _aط1
264 3 1 _aالاسكندرية: الدار الجامعية، 2010
300 _a536ص
_bيحتوي على ببلوغرافية من 531-536ص
336 _atext
_btxt
_2rdacontent
337 _aunmediated
_bn
_2rdamedia
338 _avolume
_bnc
_2rdacarrier
650 4 _aالاستثمار
_932624
999 _aA13192
_c16760
_d16760